Т. 34, № 2; Химическая физика

Sonraí bibleagrafaíochta
Parent link:Химическая физика/ Российская академия наук (РАН), Отделение химии и наук о материалах РАН. Т. 34, № 2.— , 1983-
Teanga:Rúisis
Foilsithe / Cruthaithe: 2015
Formáid: LEABHAR
KOHA link:https://koha.lib.tpu.ru/cgi-bin/koha/opac-detail.pl?biblionumber=543257

MARC

LEADER 00000nam2a2200000 4500
001 543257
005 20231101115209.0
035 |a (RuTPU)RU\TPU\prd\234280 
090 |a 543257 
100 |a 20150406a19829999k y0rusy50 ca 
101 0 |a rus 
102 |a RU 
200 0 |a Т. 34, № 2 
210 |d 2015 
461 1 |0 (RuTPU)RU\TPU\prd\417  |t Химическая физика  |f Российская академия наук (РАН), Отделение химии и наук о материалах РАН  |v Т. 34, № 2  |d 1983- 
801 0 |a RU  |b 63413507  |c 20010227  |g PSBO 
801 1 |a RU  |b 63413507  |c 20150406 
801 2 |a RU  |b 63413507  |c 20230628  |g RCR 
942 |c BK 
999 |a НТБ_ТПУ  |b НФ  |e -1/20150112  |p П-9095  |s 6/20141120  |u 0,00  |v 1